000 00403 a2200157 4500
005 20250610092952.0
020 _a0-13-223353-3
082 _a657 ANT
100 _aANTHONY, N. Robert
245 _aEssentials of Accounting
250 _a9th Edition
260 _aNew Jersey
_bPearson Education International
300 _av;120p.
_bGlossary
_c27 cm
700 _aLeslie K. Breitner
942 _2ddc
_cBKS
999 _c3585
_d3585